Missing Word: Lady Gaga Quiz Stats

 Plays Quiz Updated Jan 7, 2019

Support Sporcle.
Go Orange.
Score 0/20 Timer 04:00
0 Plays Today
Song Missing Word % Correct
Born this ___Way
99%
_____ FacePoker
94.7%
Bad ________Romance/Kids
89.9%
Do What U ____Want
83%
___ and IYoü
80.4%
The Edge of _____Glory
75.4%
Just _____Dance
73.4%
Eh, Eh (Nothing Else I Can ____)Say
71.9%
___GameLove
68.7%
Dance in the ____Dark
58.6%
Song Missing Word % Correct
Million ____Reasons
58.6%
____ WayneJohn
55%
____ IllusionPerfect
53.5%
_____ the NightMarry
52.8%
Diamond ____Heart
46.7%
Beautiful, _____, RichDirty
46.6%
Always ____ Us This WayRemember
34.4%
______ EyesBrown
34.2%
Paper _______Gangsta
29.9%
Electric _____Chapel
25.4%

Today's Daily Dose

Missing Word
50 Cent Songs

Word Ladder
Close Gunshot

Quick Pick
Pop Punk Bands

Get the Picture
An 'S' in Disney

From the Vault

8-Letter Vocabulary (Medium)

by DesertSpartan

An 8 is just a 0 with a really tight belt on.
Remove Ads.
Support Sporcle.
Get the best of Sporcle when you Go Orange. This ad-free experience offers more features, more stats, and more fun while also helping to support Sporcle. Thank you for becoming a member.

Show Comments

Extras

Top Quizzes Today


Score Distribution

Your Account Isn't Verified!

In order to create a playlist on Sporcle, you need to verify the email address you used during registration. Go to your Sporcle Settings to finish the process.

Report this User

Report this user for behavior that violates our Community Guidelines.

Details: